Soccer Logo Chain - Statistics

General Stats
  • This quiz has been taken 573 times
  • The average score is 14 of 20
Answer Stats
Picture Answer % Correct
Arsenal
99%
Paris Saint-Germain
95%
Lazio
90%
Sporting CP
88%
Rangers
87%
Al Nassr
84%
Bayern Munich
84%
Everton
81%
Napoli
79%
Sevilla
78%
Athletic Club
76%
Osasuna
74%
Sunderland
71%
Nantes
68%
Shakhtar Donetsk
58%
Hajduk Split
55%
Kaizer Chiefs
54%
New York Red Bulls
45%
Dijon
38%
Independiente
36%
No matching quizzes found
Score Distribution
Percent of People with Each Score
Percentile by Number Answered
Your Score History
You have not taken this quiz